Ethnos - Nation eine europäische Zeitschrift

Podrobná bibliografia
Médium: Seriál
Jazyk:nemčina
angličtina
Fyzický popis:7 zv. cm
Vydavateľské údaje: Köln Wissenschaft und Politik 1993-1999
ISSN:0943-7738
Predmet:

MARC

LEADER 00000cas a2200000 a 4500
001 vtls001292683
003 SK-MaSNL
005 20260228163924.0
008 160624d19931999gw gr| 0 0 0ger d
022 |a 0943-7738 
035 |a SNK000244430 
040 |a SNK  |b slo  |c SNK  |e AACR2 
041 0 |a ger  |a eng 
044 |a gw  |c DE 
072 7 |a 323  |x Vnútropolitický vývoj, politický život  |2 konspekt 
080 |a 342.724  |2 2011 
080 |a 323.22/.28  |2 2011 
080 |a 050  |2 2011 
080 |a 070.48:329  |2 2011 
210 0 |a Ethnos - Nation 
222 0 |a Ethnos - Nation 
245 0 |a Ethnos - Nation  |b eine europäische Zeitschrift 
260 |a Köln  |b Wissenschaft und Politik  |c 1993-1999 
300 |a 7 zv.  |c cm 
310 |a 2x ročne 
362 0 |a 1993-1999 
546 |a Text aj v angl. 
650 0 7 |a národnostné menšiny  |2 SNKPH  |9 2669 
650 0 7 |a vnútropolitický vývoj  |2 SNKPH  |9 88635 
655 7 |a časopisy politických strán a hnutí  |2 SNKPH  |9 237919 
910 |a snk 
999 |c 11296  |d 13226 
952 |0 0  |1 0  |4 0  |7 0  |8 2  |a SNK  |b SNK  |d 1999-06-02  |i snkV 578/99  |l 0  |o snkČSC 3285/5/1997  |p 17A0192276  |r 2005-01-02 00:00:00  |t č. 1-2  |w 2026-02-21  |y PREZ 
952 |0 0  |1 0  |4 0  |7 0  |8 2  |a SNK  |b SNK  |d 1999-06-03  |i snkV 592/99  |l 0  |o snkČSC 3285/1/1993  |p 17A0192258  |r 2005-01-02 00:00:00  |t č. 1-2  |w 2026-02-21  |y PREZ 
952 |0 0  |1 0  |4 0  |7 0  |8 2  |a SNK  |b SNK  |d 1999-06-03  |i snkV 593/99  |l 0  |o snkČSC 3285/2/1994  |p 17A0192259  |r 2005-01-02 00:00:00  |t č. 1-2  |w 2026-02-21  |y PREZ 
952 |0 0  |1 0  |4 0  |7 0  |8 2  |a SNK  |b SNK  |d 1999-06-03  |i snkV 594/99  |l 0  |o snkČSC 3285/3/1995  |p 17A0192260  |r 2005-01-02 00:00:00  |t č. 1-3  |w 2026-02-21  |y PREZ 
952 |0 0  |1 0  |4 0  |7 0  |8 2  |a SNK  |b SNK  |d 1999-06-03  |i snkV 595/99  |l 0  |o snkČSC 3285/4/1996  |p 17A0192261  |r 2005-01-02 00:00:00  |t č. 1-2  |w 2026-02-21  |y PREZ